000 01006cab a2200265 4500
001 WB2933-19
008 090401t1993 xxu||||| |||| 00| 0 eng d
035 _a(Sirsi) u17779
041 _aeng
245 _aSection 48 and arrears of rent
260 _c1993
350 _a0
490 _aEstates Gazette
_v(9335) 4 September 1993, 120(1)
520 _aConsiders Landlord and Tenant Act 1987 s48, which obliges landlords to provides tenants with an address for the service of notices.
650 _aCAMBRIDGE CC V FAULKNER
650 _aDALHOLD ESTATES (UK) PTY LTD V LINDSAY TRADING PROPERTIES INC
650 _aHUSSAIN V SINGH
650 _aLANDLORD AND TENANT ACT 1954 PART II
650 _aLANDLORD AND TENANT ACT 1987 S48
650 _aRENT ARREARS
650 _aPROPERTY-RESIDENTIAL PROPERTY-RESIDENTIAL LANDLORD AND TENANT-RESIDENTIAL TENANCIES
690 _aPROPERTY-RESIDENTIAL PROPERTY-RESIDENTIAL LANDLORD AND TENANT-RESIDENTIAL TENANCIES
942 _n0
948 _c04/03/1997
999 _c11793
_d11793